000 01393cam a2200361 a 4500
999 _c3440
_d3440
001 12971891
003 GZU
005 20201130120522.0
008 021018s2003 enk b 001 0 eng d
010 _a 2002114563
015 _aGBA3-Z4254
020 _a9780761965855
035 _a(DLC)12971891
040 _a*UKM*
_c*UKM*
_dOOxM
_dOCLCQ
_dCU
_dCStRLIN
_dDLC
042 _alccopycat
050 0 0 _aHQ1075
_bJAR 2003
100 1 _aJärviluoma, Helmi.
245 1 0 _aGender and qualitative methods /
_cHelmi Järviluoma, Pirkko Moisala and Anni Vilkko.
260 _aLondon ;
_aThousand Oaks, Calif. :
_bSAGE,
_c2003.
300 _aviii, 138 p. ;
_c24 cm.
440 0 _aIntroducing qualitative methods
504 _aIncludes bibliographical references and index.
650 0 _aSex role
_xResearch.
650 0 _aQualitative research
_xSex differences.
700 1 _aVilkko, Anni.
700 1 _aMoisala, Pirkko.
856 4 2 _3Publisher description
_uhttp://www.loc.gov/catdir/enhancements/fy0658/2002114563-d.html
856 4 1 _3Table of contents only
_uhttp://www.loc.gov/catdir/enhancements/fy0658/2002114563-t.html
906 _a7
_bcbc
_ccopycat
_d3
_encip
_f20
_gy-gencatlg
942 _2lcc
_cBK
_h1075
_iJAR
_kHQ